| 000 | 01774nam0a2200313 4500 | ||
|---|---|---|---|
| 001 | RU\NLR\BIBL_A\011507752 | ||
| 005 | 20241103093116.0 | ||
| 010 |
_a9785730711853 _950 |
||
| 021 |
_aRU _b2017-72979 _95204 |
||
| 035 | _a(RuMoRGB)008859183 | ||
| 035 | _a(NLR Aleph) 011507752 | ||
| 090 |
_a12029038 _c12029038 |
||
| 100 | _a20171026d2017 u y0rusy50 ca | ||
| 101 | 0 | _arus | |
| 102 | _aRU | ||
| 105 | _aa|||zzzz0|1yy | ||
| 200 | 1 |
_aФинансовый анализ деятельности коммерческого банка _eучебное пособие _fА. А. Сысоева _gМинистерство образования и науки Российской Федерации, Федеральное государственное бюджетное образовательное учреждение высшего образования "Российский экономический университет имени Г. В. Плеханова" (ФГБОУ ВО "РЭУ им. Г. В. Плеханова") |
|
| 210 |
_aМосква _cФГБОУ ВО "РЭУ " _d2017 |
||
| 215 |
_a96 с. _cил., табл. _d21 |
||
| 300 | _aНа 4-й с. обл. авт.: Сысоева А. А., к. э. н., доц. | ||
| 320 | _aБиблиогр.: с. 93-94 и в подстроч. примеч. | ||
| 606 |
_aКоммерческие банки _jУчебные издания для высших учебных заведений _xФинансовый анализ _92264022 _3RU\NLR\AUTH\661357285 |
||
| 686 |
_aУ053.9(2)262.10-93я73-1 _2rubbk |
||
| 686 | 1 | _aУ053.9(2)226.210я73 | |
| 700 | 1 |
_aСысоева _bА. А. _gАнна Александровна |
|
| 942 | _cBOOK | ||
| 980 | _aNBR | ||